[Event "otb"]
[Site "otb"]
[Date "2007.04.14"]
[Round "4"]
[White "Wlogalski Olivier"]
[Black "Bonnard Y"]
[Result "1-0"]
[WhiteElo "2016"]
[BlackElo "1710"]
[PlyCount "85"]
[Source "www.chesslib.no"]
[SourceDate "2004.05.04"]

1. b3 b6 2. Bb2 Bb7 3. e3 Nf6 4. f4 e6 5. Nf3 d6 6. Bd3 Ba6 7. Qe2 Qc8 8. O-O Nd5 9. a3 Bxd3 10. Qxd3 Nd7 11. c4 Nc5 12. Qc2 Nf6 13. Nc3 Qb7 14. Rae1 Be7 15. e4 O-O-O 16. b4 Ncd7 17. d4 Rhg8 18. Na2 c5 19. d5 Ne8 20. Nc1 Nc7 21. Nd3 f6 22. Bc3 e5 23. Nh4 g6 24. b5 exf4 25. Nxf4 Ne5 26. Bd2 Kb8 27. Nd3 Nd7 28. Nf3 g5 29. a4 Nf8 30. a5 Ng6 31. Bc3 Ne5 32. Nfxe5 fxe5 33. Rf7 Ne8 34. Ref1 Ng7 35. Nxe5 dxe5 36. Bxe5+ Ka8 37. a6 Qd7 38. Bxg7 Rde8 39. e5 Qg4 40. Qd3 h5 41. d6 Qd4+ 42. Qxd4 cxd4 43. Rxe7 1-0

[Event "Seefeld"]
[Site "?"]
[Date "2000.09.16"]
[Round "1"]
[White "Wimmer Alfred"]
[Black "Rabl Rudolf"]
[Result "1-0"]
[WhiteElo "2121"]
[BlackElo "1513"]
[PlyCount "41"]
[EventDate "2000.??.??"]
[Source "www.chesslib.no"]
[SourceDate "2004.05.04"]

1. b3 b6 2. Bb2 Bb7 3. e3 e5 4. Bxe5 Nf6 5. Nf3 d6 6. Bb2 Nbd7 7. d4 Be7 8. Nbd2 O-O 9. Bd3 d5 10. O-O Ne4 11. c3 c5 12. Bc2 Ndf6 13. Nxe4 Nxe4 14. Bxe4 dxe4 15. Nd2 Bd6 16. Re1 f5 17. g3 Bd5 18. c4 Bf7 19. d5 Qg5 20. f4 Bh5 21. fxg5 1-0

[Event "Saarlouis (27.05.-04.06)"]
[Site "?"]
[Date "2000.06.04"]
[Round "9"]
[White "Piastowski Kurt"]
[Black "Haas Michael[84Wall"]
[Result "1-0"]
[WhiteElo "1853"]
[BlackElo "1744"]
[PlyCount "77"]
[EventDate "2000.??.??"]
[Source "www.chesslib.no"]
[SourceDate "2004.05.04"]

1. b3 b6 2. Bb2 Bb7 3. Nf3 Nf6 4. g3 c5 5. Bg2 d5 6. e3 Nc6 7. O-O e6 8. d4 Qc7 9. Nbd2 Bd6 10. a3 h5 11. h4 Ng4 12. Re1 f6 13. Nf1 O-O-O 14. N3h2 Nxh2 15. Nxh2 Qf7 16. Nf3 Rdg8 17. Qd3 Rh6 18. Bc1 Ne7 19. c4 g5 20. dxc5 bxc5 21. cxd5 exd5 22. e4 Rhg6 23. e5 fxe5 24. Nxe5 Bxe5 25. Rxe5 gxh4 26. Bf4 hxg3 27. fxg3 h4 28. Rae1 Nc6 29. Bh3+ Rg4 30. Bxg4+ Rxg4 31. Qf5+ Qxf5 32. Rxf5 Nd4 33. Rf8+ Kd7 34. Rf7+ Kc6 35. Kf2 hxg3+ 36. Bxg3 Ba6 37. Rxa7 Bd3 38. a4 Nxb3 39. Re6# 1-0

[Event "Grieskirchen (09.11.-21.11)"]
[Site "?"]
[Date "1998.11.21"]
[Round "11"]
[White "Ruth Walter"]
[Black "Hoehne Peter[38Friesen"]
[Result "1/2-1/2"]
[WhiteElo "1915"]
[BlackElo "1648"]
[PlyCount "56"]
[EventDate "1998.??.??"]
[Source "www.chesslib.no"]
[SourceDate "2004.05.04"]

1. b3 b6 2. f4 e6 3. e3 Bb7 4. Nf3 Nf6 5. Bb2 d5 6. Be2 Be7 7. a4 Nbd7 8. a5 bxa5 9. Rxa5 c5 10. Ra2 O-O 11. O-O Ne4 12. d3 Nd6 13. Ne5 f6 14. Nxd7 Qxd7 15. Bf3 Rfc8 16. Nd2 Qc7 17. c4 Nf5 18. Qe1 Nd6 19. e4 dxe4 20. dxe4 Nf7 21. e5 f5 22. Bc3 Bxf3 23. Nxf3 Qb7 24. Ra3 Rd8 25. Qa1 Rd7 26. Ra6 Nd8 27. Qa4 Kf7 28. Ra1 h6 1/2-1/2

[Event "14. Sueder Sommerpokal"]
[Site "?"]
[Date "2003.08.19"]
[Round "2"]
[White "Liu Xiao-You"]
[Black "Bettendorf Heinz"]
[Result "0-1"]
[WhiteElo "1896"]
[BlackElo "1601"]
[PlyCount "54"]
[EventDate "2003.??.??"]
[Source "www.chesslib.no"]
[SourceDate "2004.05.04"]

1. b3 b6 2. Bb2 Bb7 3. e3 e6 4. Qe2 Nf6 5. d3 d6 6. Nd2 Nbd7 7. Ngf3 g6 8. g3 Bg7 9. Bg2 O-O 10. h3 Ne8 11. c3 f5 12. h4 Nef6 13. Qf1 e5 14. Nh2 Bxg2 15. Qxg2 Nc5 16. Qf1 e4 17. dxe4 fxe4 18. O-O-O Kh8 19. Kb1 Nd3 20. h5 Nxb2 21. Kxb2 Nd5 22. Rc1 Nb4 23. Nxe4 Qe7 24. Nd2 Rxf2 25. Qh3 Rxd2+ 26. Ka3 Rxa2+ 27. Kxb4 d5+ 0-1

[Event "Bergisch Gladbach"]
[Site "?"]
[Date "2004.09.28"]
[Round "5.13"]
[White "Gutt Stefan"]
[Black "Reuter Theo"]
[Result "1/2-1/2"]
[WhiteElo "1801"]
[BlackElo "1557"]
[PlyCount "25"]
[EventDate "2004.??.??"]
[Source "www.chesslib.no"]
[SourceDate "2004.05.04"]

1. b3 b6 2. Bb2 Bb7 3. e3 e6 4. Nf3 d6 5. c4 Nf6 6. Nc3 Nc6 7. d4 e5 8. dxe5 dxe5 9. a3 a6 10. Qc2 Bd6 11. Rd1 Qe7 12. Be2 Bxa3 13. O-O 1/2-1/2

[Event "Ellwangen (11.04.-19.04)"]
[Site "?"]
[Date "2003.04.14"]
[Round "4"]
[White "Hoffmann Harry[38SHall"]
[Black "Schaefer Werner"]
[Result "1-0"]
[WhiteElo "1680"]
[BlackElo "1547"]
[PlyCount "59"]
[EventDate "2003.??.??"]
[Source "www.chesslib.no"]
[SourceDate "2004.05.04"]

1. b3 b6 2. Nf3 Bb7 3. e3 e6 4. c4 c5 5. Bb2 Nf6 6. g3 Be7 7. Bg2 O-O 8. O-O Nc6 9. d4 d5 10. Ne5 Qc7 11. f4 cxd4 12. exd4 Rad8 13. Na3 a6 14. Rc1 Nxe5 15. fxe5 Ne4 16. cxd5 Qd7 17. Bxe4 Bxd5 18. Bxd5 Qxd5 19. Qf3 Qa5 20. Nc4 Qb5 21. a4 Qd7 22. Nxb6 Qa7 23. a5 f6 24. Qc6 fxe5 25. Qxe6+ Kh8 26. Rxf8+ Bxf8 27. Qxe5 Qf7 28. d5 Qf3 29. Rf1 Qxb3 30. Rxf8+ 1-0